| 000 | 01230nam a2200289 a 4500 | ||
|---|---|---|---|
| 001 | 3093322 | ||
| 005 | 19980423144101.4 | ||
| 008 | 980225s1997 dcua b i000 0 eng | ||
| 020 | _a1557757119 | ||
| 040 |
_aDLC _cDLC |
||
| 082 | 0 | 0 |
_a330.956053 _221 _bERI |
| 100 | 1 |
_aEl-Erian, Mohamed A., _d1958- _929816 |
|
| 245 | 1 | 4 |
_aThe Economy of the Middle East and North Africa in 1997 / _cMohamed A. El-Erian and Susan Fennell. |
| 260 |
_aWashington, D.C. : _bMiddle Eastern Dept., International Monetary Fund, _cc1997. |
||
| 300 |
_a40 p. : _bill. ; _c28 cm. |
||
| 504 | _aIncludes bibliographical references (p. 37). | ||
| 651 | 0 |
_aMiddle East _xEconomic conditions _y1979- _929817 |
|
| 651 | 0 |
_aMiddle East _xEconomic policy. _929818 |
|
| 651 | 0 |
_aAfrica, North _xEconomic conditions. _929819 |
|
| 651 | 0 |
_aAfrica, North _xEconomic policy. _929820 |
|
| 653 |
_bEco _cMay2012 |
||
| 700 | 1 |
_aFennell, Susan. _929821 |
|
| 710 | 2 |
_aInternational Monetary Fund. _bMiddle Eastern Dept. _929822 |
|
| 942 |
_2ddc _cBB |
||
| 999 |
_c16708 _d16708 |
||